Top 100 Male Footballers 2024 - The Guardian - Statistics

General Stats
  • This quiz has been taken 172 times
  • The average score is 38 of 100
Answer Stats
Rank Country Club Position Answer % Correct
10 France Real Madrid Forward Kylian Mbappe
87%
27 Argentina Inter Miami Forward Lionel Messi
74%
3 Norway Manchester City Forward Erling Haaland
73%
42 Portugal Al-Nassr Forward Cristiano Ronaldo
72%
1 Spain Manchester City Midfielder Rodri
70%
2 Brazil Real Madrid Winger Vinicius Jr.
65%
6 England Bayern Munich Forward Harry Kane
63%
5 England Real Madrid Midfielder Jude Bellingham
63%
11 Egypt Liverpool Forward Mohamed Salah
63%
4 Spain Barcelona Winger Lamine Yamal
60%
60 South Korea Tottenham Hotspur Forward Son Heung-min
60%
36 Belgium Manchester City Midfielder Kevin De Bruyne
55%
7 Argentina Inter Milan Forward Lautaro Martinez
55%
21 Poland Barcelona Forward Robert Lewandowski
55%
30 Netherlands Liverpool Defender Virgil van Dijk
55%
39 Spain Barcelona Midfielder Pedri
54%
51 Belgium Real Madrid Goalkeeper Thibaut Courtois
54%
79 Brazil Liverpool Goalkeeper Alisson
52%
13 England Arsenal Winger Bukayo Saka
52%
23 Argentina Aston Villa Goalkeeper Emiliano Martinez
52%
58 Croatia Real Madrid Midfielder Luka Modric
52%
31 Brazil Real Madrid Winger Rodrygo
52%
9 Spain Real Madrid Defender Dani Carvajal
49%
63 Portugal Manchester United Midfielder Bruno Fernandes
48%
12 England Chelsea Midfielder Cole Palmer
48%
50 Brazil Manchester City Goalkeeper Ederson
48%
8 Germany Bayer Leverkusen Midfielder Florian Wirtz
48%
19 Germany Bayern Munich Midfielder Jamal Musiala
48%
37 Colombia Liverpool Winger Luis Diaz
48%
18 Norway Arsenal Midfielder Martin Odegaard
48%
15 England Manchester City Midfielder Phil Foden
48%
35 Portugal Manchester City Defender Ruben Dias
48%
34 England Arsenal Midfielder Declan Rice
46%
41 France Atletico Madrid Forward Antoine Griezmann
45%
25 Brazil Barcelona Winger Raphinha
45%
16 Germany Real Madrid / retired Midfielder Toni Kroos
45%
66 England Liverpool Defender Trent Alexander-Arnold
45%
28 France Arsenal Defender William Saliba
45%
40 Portugal Manchester City Midfielder Bernardo Silva
44%
24 Germany Real Madrid Defender Antonio Rudiger
42%
57 Brazil Arsenal Defender Gabriel Magalhaes
42%
20 Uruguay Real Madrid Midfielder Federico Valverde
41%
89 France Real Madrid Midfielder Eduardo Camavinga
40%
76 Germany Bayern Munich Midfielder Joshua Kimmich
40%
78 Germany Arsenal Forward Kai Havertz
39%
38 Argentina Liverpool Midfielder Alexis Mac Allister
38%
17 Spain Barcelona Midfielder Dani Olmo
35%
68 England Manchester City Defender Kyle Walker
35%
61 Portugal Milan Winger Rafael Leao
35%
56 Morocco Paris Saint-Germain Defender Achraf Hakimi
34%
64 Netherlands Bayer Leverkusen Defender Jeremie Frimpong
34%
55 Argentina Atletico Madrid Forward Julian Alvarez
34%
46 Italy Inter Milan Midfielder Nicolo Barella
34%
26 Switzerland Bayer Leverkusen Midfielder Granit Xhaka
33%
14 Spain Athletic Bilbao Winger Nico Williams
33%
90 Sweden Newcastle United Forward Alexander Isak
32%
52 Italy Inter Milan Defender Alessandro Bastoni
31%
45 Croatia Manchester City Defender Josko Gvardiol
31%
67 France Inter Milan Forward Marcus Thuram
31%
91 Spain Athletic Bilbao Goalkeeper Unai Simon
31%
74 Nigeria Galatasaray Forward Victor Osimhen
31%
53 Italy Inter Milan Defender Federico Dimarco
30%
96 France Milan Goalkeeper Mike Maignan
30%
29 Sweden Sporting CP Forward Viktor Gyokeres
30%
84 Netherlands Liverpool Forward Cody Gakpo
29%
86 Spain Arsenal Goalkeeper David Raya
29%
54 England Aston Villa Forward Ollie Watkins
29%
81 Spain Barcelona Defender Pau Cubarsi
29%
33 Spain Bayer Leverkusen Defender Alex Grimaldo
28%
47 Portugal Paris Saint-Germain Midfielder Vitinha
28%
88 France Paris Saint-Germain Forward Bradley Barcola
27%
87 France Barcelona Defender Jules Kounde
27%
49 Georgia Napoli Winger Kvicha Kvaratskhelia
27%
85 France Bayern Munich Winger Michael Olise
27%
43 Guinea Borussia Dortmund Forward Serhou Guirassy
27%
93 Serbia Juventus Forward Dusan Vlahovic
26%
32 Turkey Inter Milan Midfielder Hakan Calhanoglu
26%
22 Nigeria Atalanta Forward Ademola Lookman
25%
83 Argentina Tottenham Hotspur Defender Cristian Romero
24%
75 Germany Bayer Leverkusen Defender Jonathan Tah
24%
71 Argentina Benfica Winger Angel Di Maria
23%
95 United States Milan Forward Christian Pulisic
23%
44 Spain Paris Saint-Germain Midfielder Fabian Ruiz
23%
92 Switzerland Borussia Dortmund Goalkeeper Gregor Kobel
23%
65 Germany Roma Defender Mats Hummels
23%
62 Nigeria Bayer Leverkusen Forward Victor Boniface
23%
69 Netherlands RB Leipzig Midfielder Xavi Simons
21%
77 Colombia Rayo Vallecano Midfielder James Rodriguez
20%
99 Germany Borussia Dortmund Midfielder Julian Brandt
20%
97 Italy Arsenal Defender Riccardo Calafiori
20%
70 Spain Milan Forward Alvaro Morata
19%
82 Ukraine Real Madrid Goalkeeper Andriy Lunin
19%
72 Spain Chelsea Defender Marc Cucurella
19%
73 Canada Lille Forward Jonathan David
18%
98 Serbia Al-Hilal Forward Alexander Mitrovic
17%
59 Egypt Eintracht Frankfurt Forward Omar Marmoush
16%
100 Austria Borussia Dortmund Midfielder Marcel Sabitzer
15%
94 Brazil Manchester City Winger Savinho
15%
48 Ukraine Roma Forward Artem Dovbyk
13%
80 Georgia Valencia Goalkeeper Giorgi Mamardashvili
11%
No matching quizzes found
Score Distribution
Percent of People with Each Score
Percentile by Number Answered
Your Score History
You have not taken this quiz